Statistics for Biggest U.S. Cities by Letter - S

Click here to take the quiz!

General Stats

  • This quiz has been taken 38,758 times
    (6,640 since last reset)
  • The average score is 12 of 20

Answer Stats

Pop State Hint City % Correct
883,305CaliforniaCable carsSan Francisco
98%
508,529CaliforniaState capitalSacramento
95%
744,955WashingtonStarbucksSeattle
95%
1,425,976California"Stay classy"San Diego
93%
1,532,233TexasThe AlamoSan Antonio
92%
302,838MissouriGateway ArchSt. Louis
85%
1,030,119CaliforniaSilicon ValleySan Jose
82%
200,591UtahTabernacleSalt Lake City
78%
307,695MinnesotaTwin CitySt. Paul
78%
173,442OregonState capitalSalem
72%
181,883S. DakotaBiggest in stateSioux Falls
47%
215,941CaliforniaInland EmpireSan Bernardino
46%
265,098FloridaTampa BaySt. Petersburg
46%
219,190WashingtonGonzagaSpokane
40%
332,725CaliforniaOrange CountySanta Ana
39%
255,310ArizonaPhoenix suburbScottsdale
35%
188,987LouisianaRiverboat CasinoShreveport
31%
311,178CaliforniaSan Joaquin
Valley
Stockton
22%
210,089CaliforniaSix FlagsSanta Clarita
19%
177,586CaliforniaSonoma CountySanta Rosa
18%

Score Distribution

Percentile by Number Answered

Percent of People with Each Score

Your Score History

You have not taken this quiz since the last reset